ბათუმის შოთა რუსთაველის სახელმწიფო უნივერსიტეტის ბიბლიოთეკა

Изображения восточных божеств в Северном Причерноморье в первые века н. э (ბიბ.ჩანაწერი № 61450)

000 -LEADER
fixed length control field 00835nam a22001697a 4500
005 - DATE AND TIME OF LATEST TRANSACTION
control field 20240314170040.0
008 - FIXED-LENGTH DATA ELEMENTS--GENERAL INFORMATION
fixed length control field 240314s1978 ru ||||| |||| 00| 0 rus d
041 ## - LANGUAGE CODE
Language code of text/sound track or separate title rus
080 ## - UNIVERSAL DECIMAL CLASSIFICATION NUMBER
Universal Decimal Classification number 902.6(477.7) K-55
100 ## - MAIN ENTRY--PERSONAL NAME
Personal name Кобылина, M. M.
9 (RLIN) 21430
245 ## - TITLE STATEMENT
Title Изображения восточных божеств в Северном Причерноморье в первые века н. э
Statement of responsibility, etc. М.М. Кобылина; АН СССР, Ин-т археологии.
264 ## - PRODUCTION, PUBLICATION, DISTRIBUTION, MANUFACTURE, AND COPYRIGHT NOTICE
Place of production, publication, distribution, manufacture Москва :
Name of producer, publisher, distributor, manufacturer Наука,
Date of production, publication, distribution, manufacture, or copyright notice 1978.
300 ## - PHYSICAL DESCRIPTION
Extent 215 с. :
Other physical details ил. ;
Dimensions 17 см.
653 ## - INDEX TERM--UNCONTROLLED
keyword აღმოსავლური ღვთაებების გამოსახულებები ჩრდილოეთ შავი ზღვის რეგიონში
653 ## - INDEX TERM--UNCONTROLLED
keyword არქეოლოგია
942 ## - ADDED ENTRY ELEMENTS (KOHA)
Source of classification or shelving scheme
Koha item type წიგნი
ეგზემპლარები
Withdrawn status Lost status Source of classification or shelving scheme Damaged status Not for loan Permanent Location Current Location Shelving location Date acquired Cost, normal purchase price Full call number Barcode Date last seen Copy number Uniform Resource Identifier Price effective from Koha item type Public note
          ბათუმის შოთა რუსთაველის სახელმწიფო უნივერსიტეტის მთავარი ბიბლიოთეკა ბათუმის შოთა რუსთაველის სახელმწიფო უნივერსიტეტის მთავარი ბიბლიოთეკა წიგნსაცავი 2024-03-14 6.00 902.6(477.7) K-55 65806 2024-03-14 65806 ბსუ-ს საპატიო დოქტორის გურამ ლორთქიფანიძის საჩუქარი 2024-03-14 წიგნი 6 ლ.